| 000 | 02678nam0a2200457 4500 | ||
|---|---|---|---|
| 001 | RU\NLR\BIBL_A\012631095 | ||
| 005 | 20220114164330.0 | ||
| 010 |
_a978-5-400-01605-9 _bотд. кн. |
||
| 010 |
_a978-5-400-01604-2 _9300 |
||
| 021 |
_aRU _bКН-П-21-034338 _9КН-П-21-2681 |
||
| 035 | _a(NLR Aleph) 012631095 | ||
| 090 |
_a12667186 _c12667186 |
||
| 100 | _a20211026d2020 k y0rusy50 ca | ||
| 101 | 0 | _arus | |
| 102 | _aRU | ||
| 105 | _ay|||z|||000zy | ||
| 181 | 0 |
_ai _baxxe |
|
| 182 | 0 | _an | |
| 200 | 1 |
_aПроза А. Неркаги 1970-х годов с комментариями _eАнико из рода Ного. Илир _fМинистерство науки и высшего образования Российской Федерации, Тюменский государственный университет _gнаучные комментарии к произведениям А.П. Неркаги подготовили: С.А. Комаров - доктор филологических наук, профессор, О.Г. Лагунова - доктор филологических наук, профессор _gнауч. ред.: С.А. Комаров |
|
| 203 |
_aТекст _bвизуальный _cнепосредственный |
||
| 210 |
_aТюмень _cИзд-во Тюменского государственного университета _d2020 |
||
| 215 |
_a373, [1] с. _d18 |
||
| 225 | 1 |
_aЦиркумполярная цивилизация _fред. совет: С.А. Комаров [и др.] |
|
| 320 | _aБиблиогр.: с. 372-373 (15 назв.) | ||
| 500 | 1 | 0 |
_6z01702 _aАника из рода Ного |
| 500 | 1 | 0 |
_6z02702 _aИлир |
| 604 |
_1700#1$aНеркаги$bА.П.$gАнна Павловна$f1952 _15011#$aПроза$2nlr_sh2$3RU\NLR\AUTH\6601688135 |
||
| 686 | 1 | _aШ5(2=Нен)7-4Неркаги | |
| 686 | 2 | _aШ6(2=Нен)7-4 | |
| 702 | 1 |
_aКомаров _bС. А. _cд-р филол. наук _f1958- _gСергей Анатольевич _3RU\NLR\AUTH\77103970 _4210 |
|
| 702 | 1 |
_6z01500 _aНеркаги _bА. П. _f1951- _gАнна Павловна _3RU\NLR\AUTH\7763419 _4570 |
|
| 702 | 1 |
_6z02500 _aНеркаги _bА. П. _f1951- _gАнна Павловна _3RU\NLR\AUTH\7763419 _4570 |
|
| 702 | 1 |
_aНеркаги _bА. П. _f1951- _gАнна Павловна _3RU\NLR\AUTH\7763419 _4570 |
|
| 712 | 0 | 2 |
_aТюменский государственный университет _3RU\NLR\AUTH\889946979 _4475 |
| 942 | _cBOOK | ||
| 980 | _aNBR | ||
| 980 | _aNB | ||